US States Worst at Recycling - Statistics

General Stats
  • This quiz has been taken 60 times
  • The average score is 8 of 10
Answer Stats
Rank State % Correct
47 Alabama
96%
49 Mississippi
94%
42 Arkansas
89%
44 Louisiana
89%
45 Kentucky
85%
41 Oklahoma
83%
48 Tennessee
83%
50 Alaska
81%
46 Ohio
70%
43 New Mexico
65%
No matching quizzes found
Score Distribution
Percent of People with Each Score
Percentile by Number Answered
Your Score History
You have not taken this quiz